[Event "40th Olympiad Women"]
[Site "Istanbul TUR"]
[Date "2012.08.29"]
[Round "2.44"]
[Board "4"]
[White "Liao, Jo-Yu"]
[Black "Al-Khalidi, Aisha Ali Ahmed"]
[Result "0-1"]
[WhiteElo "1520"]
[BlackElo "1597"]
[WhiteTeam "Chinese Taipei"]
[BlackTeam "Iraq"]
[WhiteFideId "16300459"]
[BlackFideId "4806042"]
[EventDate "2012.08.28"]

1. e4 d5 2. exd5 Nf6 3. Nf3 Qxd5 4. Nc3 Qh5 5. Be2 Bg4 6. h3 Nc6 7. d3 O-O-O 8.
O-O e5 9. Nh2 Bxe2 10. Qxe2 Qxe2 11. Nxe2 Nb4 12. Nf3 Nxc2 13. Rb1 Bd6 14. Bd2
e4 15. dxe4 Nxe4 16. a3 Nxd2 17. Nxd2 Bxa3 18. bxa3 Rxd2 19. Ng3 Nxa3 20. Rb3
Nc4 21. Re1 Rhd8 22. Ne4 Rd1 23. Rxd1 Rxd1+ 24. Kh2 Nd2 25. Nxd2 Rxd2 26. Kg3 a5
27. Kf3 a4 28. Ra3 b5 29. Ke3 Rb2 30. f3 Rb3+ 31. Rxb3 axb3 32. Kd3 c5 33. Kc3
c4 34. Kb4 b2 35. Kxb5 c3 36. Kc4 c2 37. Kd4 c1=Q 38. Ke4 b1=Q+ 39. Ke5 f6+ 40.
Kd4 Qb4+ 41. Kd3 Qcc3+ 42. Ke2 Qbb2+ 43. Kf1 Qcc1# 0-1

[Event "40th Olympiad Women"]
[Site "Istanbul TUR"]
[Date "2012.08.29"]
[Round "2.45"]
[Board "2"]
[White "Lebel-Arias, Julia"]
[Black "Avalos, Leticia"]
[Result "1/2-1/2"]
[WhiteTitle "WIM"]
[BlackTitle "WCM"]
[WhiteElo "1892"]
[BlackElo "1742"]
[WhiteTeam "Monaco"]
[BlackTeam "Paraguay"]
[WhiteFideId "602019"]
[BlackFideId "3702073"]
[EventDate "2012.08.28"]

1. d4 Nf6 2. Nf3 e6 3. Bg5 Be7 4. Nc3 b6 5. e4 d6 6. Bd3 Ba6 7. O-O Bxd3 8. Qxd3
O-O 9. Rfe1 c5 10. dxc5 dxc5 11. Qc4 Nfd7 12. Bf4 a6 13. e5 Nc6 14. Ne4 b5 15.
Qe2 Nb6 16. Rad1 Qc7 17. c3 Nd5 18. Bg3 h6 19. c4 bxc4 20. Qxc4 Na5 21. Qe2 Rfb8
22. Rxd5 exd5 23. e6 Qb7 24. exf7+ Kf8 25. Bxb8 dxe4 26. Bg3 exf3 27. Qe6 Rd8
28. gxf3 Nc6 29. Qe4 Qd7 30. Kg2 Qd5 31. Qa4 Nd4 32. Re3 Qc6 33. Qc4 Rb8 34.
Bxb8 Qg6+ 35. Bg3 h5 36. h4 Nf5 37. Kh3 Nxe3 38. fxe3 Qf6 39. Qd5 Qxb2 40. Be5
Qe2 41. Qa8+ Kxf7 42. Qd5+ Kf8 43. Qa8+ Kf7 44. Qd5+ Kf8 45. Qa8+ 1/2-1/2

[Event "40th Olympiad Women"]
[Site "Istanbul TUR"]
[Date "2012.08.29"]
[Round "2.45"]
[Board "3"]
[White "Rojas, Montserrat"]
[Black "Chung, Mathilde"]
[Result "1-0"]
[WhiteElo "1605"]
[BlackElo "1794"]
[WhiteTeam "Paraguay"]
[BlackTeam "Monaco"]
[WhiteFideId "3701670"]
[BlackFideId "676446"]
[EventDate "2012.08.28"]

1. c4 g6 2. Nc3 Bg7 3. d4 d6 4. e4 e5 5. d5 f5 6. Bd3 Nf6 7. Qc2 f4 8. Bd2 Nbd7
9. O-O-O Nc5 10. Be2 Bd7 11. f3 Nh5 12. Be1 a6 13. b4 Bf8 14. bxc5 dxc5 15. Bd3
Qg5 16. Kb2 Be7 17. Qd2 O-O 18. Rb1 b6 19. Qe2 Rf7 20. Kc2 Raf8 21. Nh3 Bxh3 22.
gxh3 Bd6 23. Qf2 Qd8 24. Rg1 Rg7 25. Qh4 Qxh4 26. Bxh4 Kf7 27. a4 a5 28. Nb5 Rb8
29. Nxd6+ cxd6 30. Rb5 Nf6 31. Bxf6 Kxf6 32. Bf1 g5 33. Rb1 h6 34. Be2 Re7 35.
Rg2 Rg7 36. Rbg1 Rbg8 37. Rb1 Rb8 38. Rbg1 Rbg8 39. Bf1 Kf7 40. Kd2 Kf6 41. Ke2
Kf7 42. Kf2 Kf6 43. h4 Rh7 44. Rg4 Rhg7 45. Bh3 Rh7 46. R4g2 Rhg7 47. Bf5 Rh8
48. h3 Rhg8 49. h5 Rb8 50. Rb1 Rgg8 51. Bg6 Rb7 52. Rg4 1-0

[Event "40th Olympiad Women"]
[Site "Istanbul TUR"]
[Date "2012.08.29"]
[Round "2.45"]
[Board "4"]
[White "Lomandong Noela-Joyce"]
[Black "Perez, Dalila"]
[Result "0-1"]
[WhiteElo "1516"]
[BlackElo "1760"]
[WhiteTeam "Monaco"]
[BlackTeam "Paraguay"]
[WhiteFideId "5400384"]
[BlackFideId "3702014"]
[EventDate "2012.08.28"]

1. e4 e6 2. d4 d5 3. exd5 exd5 4. Qf3 c6 5. Bd3 Nf6 6. h3 Be7 7. Ne2 Nbd7 8. Bf4
b6 9. Nbc3 O-O 10. O-O Bb7 11. Nd1 c5 12. c3 Re8 13. Ne3 Nf8 14. Nf5 Ne6 15.
Nxe7+ Rxe7 16. Be5 Nd7 17. Bg3 c4 18. Bc2 Ng5 19. Qg4 h6 20. Nf4 Nf6 21. Qd1
Nge4 22. Bh2 Qd7 23. f3 Nd6 24. Qd2 Rae8 25. Rae1 Bc8 26. g4 b5 27. Ng2 Nb7 28.
Re5 Rxe5 29. Bxe5 Nh7 30. h4 Qd8 31. Re1 Be6 32. Re3 Na5 33. Qe1 Nc6 34. Bg3 Re7
35. Nf4 Qd7 36. Nxe6 fxe6 37. Bxh7+ Kxh7 38. Qb1+ Kg8 39. Qg6 Qe8 40. Qc2 e5 41.
dxe5 Nxe5 42. Bxe5 Rxe5 43. Rxe5 Qxe5 44. Qf2 a5 45. f4 Qe4 46. Kf1 b4 47. cxb4
axb4 48. Qd2 Qf3+ 49. Ke1 Qh1+ 50. Ke2 Qg2+ 51. Ke1 Qg1+ 52. Ke2 Qxg4+ 53. Ke3
Qg1+ 54. Kf3 Qc5 55. Qe2 Qc6 56. Qd2 c3 57. bxc3 Qxc3+ 58. Qxc3 bxc3 59. Ke2 Kf8
60. Kd3 d4 0-1

[Event "40th Olympiad Women"]
[Site "Istanbul TUR"]
[Date "2012.08.29"]
[Round "2.46"]
[Board "1"]
[White "Barria, Raisa"]
[Black "Ramos Dos, Rosangela"]
[Result "1-0"]
[WhiteTitle "WCM"]
[WhiteElo "1946"]
[BlackElo "1707"]
[WhiteTeam "Panama"]
[BlackTeam "Suriname"]
[WhiteFideId "6600336"]
[BlackFideId "8200521"]
[EventDate "2012.08.28"]

1. d4 d5 2. c4 e6 3. Nf3 Nf6 4. e3 Be7 5. b3 O-O 6. Bb2 b6 7. Nbd2 Bb7 8. Bd3
Nbd7 9. Qe2 c5 10. O-O Rc8 11. Rac1 h6 12. Rfd1 Bd6 13. Bb1 Qe7 14. Ne5 Rfd8 15.
Ndf3 Nf8 16. a4 cxd4 17. exd4 dxc4 18. bxc4 Ba3 19. Rc3 Bb4 20. Re3 Qc7 21. g4
Bd6 22. g5 Bxf3 23. Qxf3 hxg5 24. Kg2 Bxe5 25. Rxe5 N8h7 26. Bd3 Qc6 27. d5 exd5
28. cxd5 Qxa4 29. Bxh7+ Nxh7 30. Re7 Rd7 31. Qxf7+ 1-0

[Event "40th Olympiad Women"]
[Site "Istanbul TUR"]
[Date "2012.08.29"]
[Round "2.46"]
[Board "2"]
[White "Naipal, Ekaterina"]
[Black "Gonzalez, Yaribeth"]
[Result "0-1"]
[WhiteTitle "WCM"]
[BlackTitle "WCM"]
[WhiteElo "1756"]
[BlackElo "1796"]
[WhiteTeam "Suriname"]
[BlackTeam "Panama"]
[WhiteFideId "8200629"]
[BlackFideId "6600344"]
[EventDate "2012.08.28"]

1. d4 d5 2. c4 dxc4 3. Nc3 e5 4. Qa4+ Bd7 5. Qxc4 exd4 6. Qxd4 Nc6 7. Qd1 Bc5 8.
Nf3 Nf6 9. Bg5 Qe7 10. Nd5 Bxf2+ 11. Kxf2 Qc5+ 12. e3 Nxd5 13. Rc1 Qa5 14. a3 f6
15. Bh4 O-O-O 16. Qb3 Rhe8 17. Re1 g5 18. Bg3 g4 19. Bc4 gxf3 20. Bxd5 Qd2+ 21.
Kxf3 Bg4+ 22. Kxg4 Rxd5 23. Qd1 Qxg2 24. Qf3 Re4+ 0-1

[Event "40th Olympiad Women"]
[Site "Istanbul TUR"]
[Date "2012.08.29"]
[Round "2.46"]
[Board "3"]
[White "Arosemena, Betty"]
[Black "Ooft, Tesora"]
[Result "0-1"]
[BlackTitle "WCM"]
[WhiteElo "1657"]
[BlackElo "1716"]
[WhiteTeam "Panama"]
[BlackTeam "Suriname"]
[WhiteFideId "6600425"]
[BlackFideId "8200475"]
[EventDate "2012.08.28"]

1. e4 c5 2. f4 d6 3. Nf3 Nf6 4. Nc3 e6 5. d4 cxd4 6. Nxd4 a6 7. Be2 b5 8. a3 Bb7
9. Bf3 Qc7 10. Be3 Nbd7 11. O-O Be7 12. Qe2 O-O 13. Rad1 Rac8 14. Qf2 Nc5 15. e5
dxe5 16. fxe5 Qxe5 17. Bxb7 Nxb7 18. Bf4 Qc5 19. Rfe1 Bd6 20. Bxd6 Nxd6 21. Qf4
Rfe8 22. Re5 Nd5 23. Nxd5 exd5 24. Kh1 Rxe5 25. Qxe5 Re8 26. Qh5 Ne4 27. Qf3 Ng5
28. Qd3 Ne4 29. Kg1 Re5 30. Rf1 Qb6 31. Kh1 Qh6 32. Qf3 Qg6 33. Qd3 Nf2+ 34.
Rxf2 Qxd3 0-1

[Event "40th Olympiad Women"]
[Site "Istanbul TUR"]
[Date "2012.08.29"]
[Round "2.47"]
[Board "2"]
[White "Soondarsingh, Aditi"]
[Black "Hamid, Rani"]
[Result "0-1"]
[BlackTitle "WIM"]
[WhiteElo "1772"]
[BlackElo "1952"]
[WhiteTeam "Trinidad & Tobago"]
[BlackTeam "Bangladesh"]
[WhiteFideId "7700598"]
[BlackFideId "10200096"]
[EventDate "2012.08.28"]

1. e4 c5 2. d4 cxd4 3. c3 d3 4. c4 Nc6 5. Bxd3 e6 6. Nf3 Qc7 7. Nc3 a6 8. O-O
Nf6 9. Qe2 d6 10. Bg5 Be7 11. Rfd1 O-O 12. Rac1 Ne5 13. Nxe5 dxe5 14. b3 b6 15.
Bb1 Bb7 16. Bxf6 Bxf6 17. Rd3 Rad8 18. Rcd1 Rd4 19. Rh3 g6 20. Qe3 Bg7 21. Bc2
Rfd8 22. f3 Qc5 23. Re1 Bf8 24. Kf1 b5 25. Ne2 Rd2 26. Qxc5 Bxc5 27. Rc1 Ba3 28.
Re1 Rxc2 29. cxb5 axb5 30. g4 b4 31. Rg3 Ba6 32. Rg2 Rdd2 33. h4 Rxa2 34. h5 Kg7
35. hxg6 hxg6 36. Rf2 Rab2 37. Rh2 Rxb3 38. Kg1 Rxf3 0-1

[Event "40th Olympiad Women"]
[Site "Istanbul TUR"]
[Date "2012.08.29"]
[Round "2.47"]
[Board "3"]
[White "Sultana, Zakia"]
[Black "Smith, Javanna"]
[Result "1-0"]
[WhiteTitle "WFM"]
[BlackTitle "WCM"]
[WhiteElo "1987"]
[BlackElo "1689"]
[WhiteTeam "Bangladesh"]
[BlackTeam "Trinidad & Tobago"]
[WhiteFideId "10201220"]
[BlackFideId "7700466"]
[EventDate "2012.08.28"]

1. d4 d6 2. Nf3 Nf6 3. c4 g6 4. g3 Bg7 5. Bg2 O-O 6. O-O Nbd7 7. Nc3 e5 8. e4
Re8 9. dxe5 Nxe5 10. Nxe5 dxe5 11. Bg5 c6 12. Qxd8 Rxd8 13. Rad1 Be6 14. b3 h6
15. Be3 Rd7 16. Rxd7 Nxd7 17. Rd1 f5 18. f3 f4 19. Bf2 g5 20. Ne2 Kf8 21. Be1 a5
22. Nc3 Ke8 23. Bf2 Bf8 24. Kf1 Bc5 25. Rxd7 Bxd7 26. Bxc5 Kf7 27. Na4 Be6 28.
Bb6 Rf8 29. Ke2 Kg6 30. Nc5 Bc8 31. Bxa5 fxg3 32. hxg3 g4 33. Nd3 gxf3+ 34. Bxf3
Kf6 35. Bc3 Re8 36. Ke3 b6 37. a4 Bh3 38. g4 Bf1 39. Nb4 Rd8 40. Kf2 c5 41. Nd5+ 1-0

[Event "40th Olympiad Women"]
[Site "Istanbul TUR"]
[Date "2012.08.29"]
[Round "2.48"]
[Board "1"]
[White "Howard, Corinne"]
[Black "Cordero, Daniela"]
[Result "0-1"]
[BlackTitle "WIM"]
[WhiteElo "1720"]
[BlackElo "2055"]
[WhiteTeam "Barbados"]
[BlackTeam "Bolivia"]
[WhiteFideId "11100362"]
[BlackFideId "3301630"]
[EventDate "2012.08.28"]

1. e4 e6 2. d4 d5 3. exd5 exd5 4. Bd3 Nc6 5. c3 Bd6 6. Qf3 Nge7 7. Ne2 Be6 8.
O-O Qd7 9. h3 O-O-O 10. Bf4 h5 11. Bxd6 Qxd6 12. b4 g5 13. Qg3 Qd7 14. f3 g4 15.
fxg4 hxg4 16. h4 Ng6 17. Bxg6 fxg6 18. Nd2 Qh7 19. Nf4 Bf5 20. Rae1 Qxh4 21.
Qxh4 Rxh4 22. g3 Rh7 23. Kg2 Rdh8 24. Rh1 Rxh1 25. Rxh1 Rxh1 26. Kxh1 Ne7 27.
Kg2 Kd7 28. Kf2 Kd6 29. Nf1 Ng8 30. Ne3 Nf6 31. Ne2 Ne4+ 32. Kg2 c6 33. Nf1 b6
34. Ne3 c5 35. dxc5+ bxc5 36. bxc5+ Kxc5 37. Kf1 Bd7 38. Ke1 Bb5 39. Nxg4 Bxe2
40. Kxe2 Nxc3+ 41. Kd3 Nxa2 42. Ne5 Nb4+ 43. Kc3 d4+ 44. Kd2 g5 45. Nf3 Kc4 46.
Nxg5 a5 47. Ne4 a4 48. g4 a3 49. Kc1 Na2+ 50. Kd2 Nc3 0-1

[Event "40th Olympiad Women"]
[Site "Istanbul TUR"]
[Date "2012.08.29"]
[Round "2.48"]
[Board "2"]
[White "Borda, Carla"]
[Black "Blackman, Katrina"]
[Result "0-1"]
[WhiteTitle "WCM"]
[WhiteElo "1977"]
[BlackElo "1594"]
[WhiteTeam "Bolivia"]
[BlackTeam "Barbados"]
[WhiteFideId "3301087"]
[BlackFideId "11100540"]
[EventDate "2012.08.28"]

1. e4 e6 2. d4 d5 3. e5 c5 4. c3 Nc6 5. Nf3 Bd7 6. Be2 Qb6 7. O-O Nge7 8. Na3
Nf5 9. Nc2 Be7 10. Kh1 h5 11. Rb1 O-O-O 12. b4 c4 13. a4 Rdg8 14. Be3 Qd8 15.
Nd2 Bg5 16. Qc1 Nxe3 17. fxe3 Ne7 18. e4 Ng6 19. Bf3 Nh4 20. Ne1 Nxf3 21. Nexf3
Bh6 22. Qd1 g5 23. Qe2 h4 24. Ng1 g4 25. Rxf7 Be8 26. Rf6 Bxd2 27. Qxd2 Bg6 28.
Re1 Bxe4 29. Qa2 h3 30. Rxe4 dxe4 31. Qxc4+ Kb8 32. Qxe6 hxg2+ 33. Kxg2 Qc8 34.
Ne2 Rh3 35. Rf4 Rgh8 36. Rxg4 Rxh2+ 37. Kf1 e3 38. Nf4 Rc2 39. Ne2 Rh2 40. Ng3
Rc1# 0-1

[Event "40th Olympiad Women"]
[Site "Istanbul TUR"]
[Date "2012.08.29"]
[Round "2.49"]
[Board "2"]
[White "Mendieta, Kathya"]
[Black "Sotomayor Villatoro, Silvi"]
[Result "1-0"]
[WhiteTitle "WCM"]
[BlackTitle "WIM"]
[WhiteElo "1763"]
[BlackElo "1885"]
[WhiteTeam "Nicaragua"]
[BlackTeam "Guatemala"]
[WhiteFideId "6101496"]
[BlackFideId "7301057"]
[EventDate "2012.08.28"]

1. e4 c5 2. Nc3 e6 3. f4 d6 4. Nf3 Nf6 5. Bb5+ Bd7 6. Bxd7+ Qxd7 7. O-O Nc6 8.
d3 Be7 9. Ne2 h5 10. c3 c4 11. Qc2 cxd3 12. Qxd3 Qc7 13. Ned4 a6 14. h3 d5 15.
exd5 Nxd5 16. f5 e5 17. Nxc6 bxc6 18. Qe4 Bc5+ 19. Kh1 Bd6 20. Bg5 f6 21. Bd2
Ne7 22. Be3 Rb8 23. b3 Qa5 24. c4 Bc5 25. Bd2 Qb6 26. Bc3 Kf7 27. Rae1 Rhd8 28.
Nxe5+ Kg8 29. Nd3 Ba3 30. Nf4 Nc8 31. Nxh5 Nd6 32. Qg4 Kf8 33. Qxg7# 1-0

[Event "40th Olympiad Women"]
[Site "Istanbul TUR"]
[Date "2012.08.29"]
[Round "2.50"]
[Board "4"]
[White "Salim-Moussa, Seydi"]
[Black "Meyer, Marany"]
[Result "0-1"]
[BlackTitle "WIM"]
[WhiteElo "1806"]
[BlackElo "2117"]
[WhiteTeam "Netherlands Antilles"]
[BlackTeam "New Zealand"]
[WhiteFideId "7500440"]
[BlackFideId "14300435"]
[EventDate "2012.08.28"]

1. e4 e6 2. Nf3 d5 3. exd5 exd5 4. d4 Nf6 5. Nc3 Be7 6. Bd3 O-O 7. O-O Nc6 8. h3
Nb4 9. a3 Nxd3 10. Qxd3 c6 11. Ne2 Qc7 12. Bf4 Bd6 13. Be5 Ne4 14. b3 Re8 15. c4
f6 16. Bh2 Bf5 17. Qd1 Ng5 18. Bxd6 Nxf3+ 19. gxf3 Qxd6 20. Kg2 dxc4 21. bxc4
Qe6 22. Nf4 Qxc4 23. Rc1 Qf7 24. Rc5 Bd7 25. h4 b6 26. Rc3 Kh8 27. Qd2 g5 28.
hxg5 Rg8 29. g6 Rxg6+ 0-1

[Event "40th Olympiad Women"]
[Site "Istanbul TUR"]
[Date "2012.08.29"]
[Round "2.52"]
[Board "1"]
[White "Perez, Eneida"]
[Black "Lyons, Kieran"]
[Result "1-0"]
[WhiteTitle "WFM"]
[BlackTitle "WFM"]
[WhiteElo "2070"]
[BlackElo "1825"]
[WhiteTeam "Dominican Republic"]
[BlackTeam "Fiji"]
[WhiteFideId "602795"]
[BlackFideId "11400102"]
[EventDate "2012.08.28"]

1. d4 d5 2. e3 f5 3. Nf3 Nf6 4. Be2 e6 5. c4 c6 6. Ne5 Bd6 7. f4 Nbd7 8. O-O Ne4
9. Nd2 O-O 10. Nxe4 fxe4 11. Bd2 g5 12. c5 Bc7 13. b4 Qe7 14. b5 Nxe5 15. fxe5
Bd7 16. Qb3 b6 17. bxc6 Bxc6 18. cxb6 Rxf1+ 19. Rxf1 Bxb6 20. Bb4 Qg7 21. Bg4
Bd7 22. Rf6 Re8 23. Bh5 Rc8 24. Qd1 a5 25. Ba3 Bb5 26. Bf7+ Kh8 27. Bxe6 Bc4 28.
Bxc8 1-0

[Event "40th Olympiad Women"]
[Site "Istanbul TUR"]
[Date "2012.08.29"]
[Round "2.52"]
[Board "2"]
[White "Sukhu, Gloria"]
[Black "Jose Polanco, Kenia"]
[Result "0-1"]
[BlackTitle "WCM"]
[WhiteElo "1528"]
[BlackElo "1954"]
[WhiteTeam "Fiji"]
[BlackTeam "Dominican Republic"]
[WhiteFideId "11400099"]
[BlackFideId "6401074"]
[EventDate "2012.08.28"]

1. e4 e6 2. Nf3 d5 3. e5 c5 4. d4 Nc6 5. c3 Qb6 6. Na3 Bd7 7. Nc2 cxd4 8. cxd4
Nb4 9. a3 Nxc2+ 10. Qxc2 Rc8 11. Qd1 Ne7 12. Bd3 Bb5 13. O-O Bxd3 14. Qxd3 a5
15. b3 Nc6 16. Bd2 Be7 17. Rfd1 O-O 18. h4 Rc7 19. Ng5 Bxg5 20. Bxg5 Rfc8 21.
Rac1 Na7 22. Rc5 Nc6 23. Rb5 Qa6 24. a4 Nb4 25. Qg3 Rc3 26. f3 Kh8 27. h5 h6 28.
Bxh6 gxh6 29. Qh4 R8c7 30. Qf6+ Kh7 31. g4 Qa8 32. g5 hxg5 33. Rb6 Qg8 34. Rxe6
fxe6 35. Kh1 Rc1 36. Rg1 Rxg1+ 37. Kxg1 Qf7 38. Qd8 g4 39. f4 Nd3 40. f5 Rc1+
41. Kg2 Qxf5 42. Qe7+ Kh6 43. Qf6+ Qxf6 44. exf6 Rc7 45. Kg3 Kxh5 46. b4 Nxb4 0-1

[Event "40th Olympiad Women"]
[Site "Istanbul TUR"]
[Date "2012.08.29"]
[Round "2.53"]
[Board "3"]
[White "Masiyazi, Rhoda"]
[Black "Giulian, Rosemary A"]
[Result "1-0"]
[WhiteElo "2005"]
[BlackElo "1894"]
[WhiteTeam "Zimbabwe"]
[BlackTeam "Scotland"]
[WhiteFideId "11000090"]
[BlackFideId "2400375"]
[EventDate "2012.08.28"]

1. e4 e6 2. Nf3 d5 3. exd5 exd5 4. d4 Nc6 5. h3 Bd6 6. Nc3 Nge7 7. Bg5 f6 8. Be3
a6 9. a3 Be6 10. Qd2 O-O 11. Bd3 Qd7 12. g4 b5 13. Na2 Nd8 14. c3 Nf7 15. Qc2 f5
16. Rg1 g6 17. O-O-O f4 18. Bd2 a5 19. Rde1 Rfb8 20. Re2 b4 21. cxb4 axb4 22.
Bxb4 Bxb4 23. Nxb4 Qd6 24. Rge1 Nd8 25. Ng5 Rxb4 26. Rxe6 Nxe6 27. Rxe6 Qd7 28.
axb4 Ra1+ 29. Kd2 h6 30. Rxe7 Qxe7 31. Nf3 Qxb4+ 32. Qc3 Qd6 33. Ne5 g5 34. b4
Ra2+ 35. Bc2 Qb6 36. Qc5 Qb7 37. Nc6 Qa8 38. Qxd5+ Kh8 39. Qe5+ Kg8 40. Qe6+ Kh8
41. Qxh6+ 1-0

[Event "40th Olympiad Women"]
[Site "Istanbul TUR"]
[Date "2012.08.29"]
[Round "2.54"]
[Board "2"]
[White "Siddiqui, Nida Mishraz"]
[Black "Puuska, Heini"]
[Result "0-1"]
[BlackTitle "WFM"]
[WhiteElo "1670"]
[BlackElo "1995"]
[WhiteTeam "Pakistan"]
[BlackTeam "Finland"]
[WhiteFideId "7800495"]
[BlackFideId "502324"]
[EventDate "2012.08.28"]

1. e4 g6 2. d4 Bg7 3. Nf3 d6 4. Bc4 a6 5. c3 b5 6. Bb3 Nf6 7. Nbd2 O-O 8. O-O c5
9. Re1 cxd4 10. Nxd4 Bb7 11. Bc2 Nbd7 12. Nf1 Nc5 13. Ng3 Qc7 14. Bg5 h6 15.
Bxf6 Bxf6 16. Qg4 Bc8 17. Qf3 Bd7 18. Rad1 Ne6 19. Nxe6 Bxe6 20. Bb1 a5 21. Ne2
Qd7 22. h3 b4 23. Nf4 Be5 24. Nd5 Bxd5 25. exd5 bxc3 26. bxc3 Rfc8 27. Rc1 Qa4
28. Re4 Qa3 29. Qe3 Rxc3 30. Rxc3 Qxc3 31. Qxc3 Bxc3 32. Rxe7 Rb8 33. Bd3 Rb4
34. Rc7 Be5 35. Rc4 Rb2 36. Ra4 Rd2 37. Bb5 Rd1+ 38. Bf1 Rxd5 39. g4 Kg7 40. Kg2
Bc3 41. Rc4 Bb4 42. Rc7 Rd2 43. Bc4 d5 44. Bb3 Kf6 45. Kf3 Bd6 46. Ra7 Bb4 47.
Rc7 Ke6 48. Rc2 Rd4 49. Re2+ Kd6 50. Ke3 Bc5 51. Rd2 Rxg4+ 52. Kf3 Rg5 53. h4
Rf5+ 54. Kg2 Bb4 55. Rd3 g5 56. hxg5 Rxg5+ 57. Rg3 f6 58. Kf3 Rf5+ 59. Ke2 Bc5
60. Rf3 Rxf3 61. Kxf3 Ke5 62. Kg3 d4 63. Bc2 Bd6 64. Kg4 Kd5 65. Bd3 Kc5 66. Kf5
Kb4 67. Kxf6 Kc3 68. Be2 d3 69. Bh5 d2 70. Kg6 Bf4 71. Kf5 Bd6 72. Bd1 Kb2 73.
Ke6 Kc1 74. Bh5 Bb8 75. Kf5 d1=Q 76. Bxd1 Kxd1 77. f4 Kc2 78. Kg4 Kb2 79. a4 Kb3
80. f5 Kxa4 81. f6 Bd6 82. Kf5 Kb3 83. Ke6 Bb4 84. Kd5 0-1

[Event "40th Olympiad Women"]
[Site "Istanbul TUR"]
[Date "2012.08.29"]
[Round "2.55"]
[Board "4"]
[White "de San Vicente, Sabrina"]
[Black "Jaradat, Shadia Z."]
[Result "1/2-1/2"]
[WhiteElo "1730"]
[BlackElo "1647"]
[WhiteTeam "Uruguay"]
[BlackTeam "Palestine"]
[WhiteFideId "3003973"]
[BlackFideId "11500743"]
[EventDate "2012.08.28"]

1. d4 Nf6 2. c4 e6 3. Nc3 Bb4 4. Qc2 Nc6 5. Nf3 d5 6. Bg5 O-O 7. e3 b6 8. a3 Be7
9. cxd5 exd5 10. Bd3 h6 11. Bh4 Bb7 12. O-O Re8 13. Rac1 Rc8 14. Bf5 Nd7 15. Bg3
Bf6 16. Nxd5 Kf8 17. Nxf6 Nxf6 18. Bxc8 Qxc8 19. Ne5 Re6 20. Qa4 Qa8 21. f3 g5
22. Nxc6 Bxc6 23. Qb4+ Kg8 24. Qd2 Re7 25. Rfe1 g4 26. e4 Kg7 27. Be5 Re6 28.
Qf4 Qe8 29. Qxg4+ Kf8 30. Bxf6 Rxf6 31. d5 Bd7 32. Qh4 Qe5 33. Qg3 Qxb2 34. Qxc7
Rg6 35. Rc2 Qd4+ 36. Kf1 Bb5+ 37. Rce2 Bxe2+ 38. Rxe2 Qd1+ 39. Kf2 Qd4+ 40. Kf1
Qd1+ 41. Kf2 Qd4+ 42. Kf1 Qd1+ 43. Re1 Qd3+ 44. Re2 Qd1+ 1/2-1/2

[Event "40th Olympiad Women"]
[Site "Istanbul TUR"]
[Date "2012.08.29"]
[Round "2.60"]
[Board "1"]
[White "Melnik, Galina"]
[Black "Vilhete, Vania Fausto Da T."]
[Result "1/2-1/2"]
[WhiteTitle "WFM"]
[WhiteElo "1999"]
[BlackElo "1816"]
[WhiteTeam "IPCA"]
[BlackTeam "Mozambique"]
[WhiteFideId "4121929"]
[BlackFideId "14800144"]
[EventDate "2012.08.28"]

1. d4 Nf6 2. Nf3 g6 3. c4 Bg7 4. Nc3 O-O 5. e4 d6 6. Be2 Nbd7 7. O-O a6 8. Qc2
c5 9. d5 Re8 10. Rd1 Nf8 11. h3 N6d7 12. Be3 Ne5 13. Ne1 e6 14. f4 exd5 15. Nxd5
Nc6 16. Nf3 Ne6 17. Bd3 Ned4 18. Nxd4 Nxd4 19. Qd2 Bxh3 20. Rf1 Bd7 21. f5 gxf5
22. exf5 Bc6 23. Bg5 f6 24. Be3 Bxd5 25. cxd5 Qd7 26. Bxd4 cxd4 27. Qb4 Bh6 28.
Rf3 Be3+ 29. Kh1 Re7 30. Qe1 Rg7 31. Qh4 Qe7 32. a4 Kh8 33. Qe4 Qxe4 34. Bxe4
Rg4 35. Bd3 Rag8 36. Bf1 R8g5 37. Rh3 Kg7 38. b3 Rg3 39. Rxg3 Rxg3 40. Be2 Rg5
41. g4 h5 42. Rf1 hxg4 43. Kg2 g3 44. Rf3 Bf2 45. Rf4 Kf7 46. b4 Rg8 47. Rh4 Rg7
48. b5 axb5 49. Bxb5 Kg8 50. Rh6 Kf7 51. Rh8 b6 52. Bd3 Be1 53. Rh4 Bc3 54. Rh8
Ke7 55. Rb8 Ba5 56. Rh8 Bb4 57. Rb8 Bc5 58. Rh8 Kf7 59. Rh3 Rg8 60. Rxg3 Rxg3+
61. Kxg3 Kg7 62. Kg4 Kh6 63. Bb5 1/2-1/2

[Event "40th Olympiad Women"]
[Site "Istanbul TUR"]
[Date "2012.08.29"]
[Round "2.61"]
[Board "1"]
[White "Pustovoitova, Daria"]
[Black "Gedvilaite, Monika"]
[Result "1-0"]
[WhiteTitle "FM"]
[WhiteElo "2294"]
[BlackElo "1985"]
[WhiteTeam "IBCA"]
[BlackTeam "Ireland"]
[WhiteFideId "4182146"]
[BlackFideId "12809780"]
[EventDate "2012.08.28"]

1. d4 Nf6 2. c4 g6 3. g3 Bg7 4. Bg2 d6 5. Nc3 O-O 6. Nf3 Nbd7 7. O-O e5 8. e4
Re8 9. d5 Nc5 10. Ne1 a5 11. h3 Rf8 12. Be3 b6 13. Qc2 Ne8 14. Nd3 f5 15. Nxc5
bxc5 16. f4 exf4 17. Bxf4 fxe4 18. Nxe4 Bf5 19. g4 Bxe4 20. Qxe4 Qf6 21. Qe6+
Kh8 22. Qxf6 Nxf6 23. Rae1 Rae8 24. Bd2 a4 25. Ba5 Rxe1 26. Rxe1 Re8 27. Re6 Rc8
28. Bf3 g5 29. Bd1 Ng8 30. Bd2 Rb8 31. b3 axb3 32. Bxb3 Bd4+ 33. Kf1 Rf8+ 34.
Ke1 h6 35. Ba5 Rf7 36. Bd1 Be5 37. a4 Kg7 38. Re8 Nf6 39. Rc8 Ne4 40. Rxc7 Bg3+
41. Ke2 Rxc7 42. Bxc7 Nc3+ 43. Kf3 1-0

[Event "40th Olympiad Women"]
[Site "Istanbul TUR"]
[Date "2012.08.29"]
[Round "2.61"]
[Board "2"]
[White "Lowry-O'Reilly, Hannah"]
[Black "Stolarczyk, Anna"]
[Result "0-1"]
[WhiteTitle "WFM"]
[BlackTitle "WCM"]
[WhiteElo "1818"]
[BlackElo "1994"]
[WhiteTeam "Ireland"]
[BlackTeam "IBCA"]
[WhiteFideId "2501597"]
[BlackFideId "1126423"]
[EventDate "2012.08.28"]

1. d4 d5 2. Nf3 c6 3. e3 Nf6 4. Bd3 Bg4 5. Nbd2 Nbd7 6. h3 Bh5 7. O-O Qc7 8. Qe1
e6 9. b3 Bb4 10. Bb2 Bxf3 11. gxf3 Qa5 12. c3 Bxc3 13. Bxc3 Qxc3 14. Qe2 e5 15.
Rfc1 Qb4 16. a3 Qe7 17. b4 exd4 18. exd4 Qxe2 19. Bxe2 Nh5 20. Kh2 Nf4 21. Bf1
Rc8 22. Nb3 b6 23. Rc2 Nb8 24. b5 Ke7 25. Rac1 Kd6 26. a4 Ne6 27. h4 Rc7 28. Kg3
Rhc8 29. f4 cxb5 30. Rxc7 Rxc7 31. Rxc7 Nxc7 32. axb5 a6 33. bxa6 Nbxa6 34. Kf3
Nb4 35. f5 g6 36. fxg6 fxg6 37. Ke3 Ne6 38. Bh3 Nc2+ 39. Kd3 Ncxd4 40. Nxd4 Nf4+
41. Ke3 Nxh3 42. Kf3 Ke5 43. Ne2 g5 44. Kg3 Nf4 45. Nc3 gxh4+ 46. Kxh4 d4 47.
Nd1 b5 48. f3 b4 49. Nb2 d3 50. Kg3 b3 51. Kf2 Kd4 52. Ke1 Kc3 53. Nd1+ Kc2 54.
Ne3+ Kc1 55. Nc4 h5 56. Na3 d2+ 57. Kf2 d1=Q 58. Nc2 bxc2 59. Ke3 Qd2+ 0-1